000 01020nam a2200301 a 4500
001 000111569
003 CHAP
005 20220329144219.0
008 150616s2015 mx a |sm |||||||spa d
010 _a108031
011 _a109003
040 _cCHAP
090 _aTesis
100 1 _aCortina Aguilera, Jacqueline Yared
_9129440
245 1 0 _aCaracterización de la presa Nexapa, Puebla
_h[En línea]
_cpor Jaqueline Yared Cortina Aguilera.
260 _aChapingo, Méx. :
_bEl autor,
_c2015.
500 _aPara ver el contenido del material haga clic en la liga
502 _aTesis (Ing. en Recursos Naturales Renovables) -- UACH. Departamento de Suelos
590 _aE5652GLJ
_b05
_c20150616
_lUCH01
_h1341
590 _aE5652GLJ
_b05
_c20150616
_lUCH01
_h1341
650 1 4 _aAgua
_xAlmacenamiento.
_92279
650 1 4 _aAgua
_xAnálisis.
_92280
650 1 4 _aAgua
_xCalidad.
_92316
856 _aFinding aid
_uhttp://10.13.5.2/tesis/sist111569.pdf
_zTeclea aquí
901 _aBK
942 _cTESIS
942 _n0
999 _c108031
_d108031